000 00198 a2200097 4500
020 _a9780740723360
041 _aeng
100 _aBradley Trevor Greive
245 _aThe meaning of life
942 _cBK
999 _c29533
_d29531